000 00670nam a2200217Ia 4500
005 20241129104147.0
008 241129s9999||||xx |||||||||||||| ||und||
020 _a9781843768542
037 _aTextual
040 _aRTL
_beng
_cRTL
041 _aeng
_2eng
084 _aX:9.1(X) P3
_qRTL
100 _aMccourt Willy; Eldridge Derek
_9725047
245 0 _aGlobal human resource management: Managing people in developing and transitional countries
_cMccourt Willy; Eldridge Derek
260 _aUSA
_bEdward Elgar
_c2003
300 _axii,382p.
365 _aINR
_b3254
650 _aCommerce
942 _cTB
_hX:9.1(X) P3
999 _c1224682
_d1224682